Can you name cities in which these buildings are? - Statistics

General Stats
  • This quiz has been taken 26 times
  • The average score is 13 of 16
Answer Stats
Picture Answer % Correct
New York/Nový York
100%
Paris/Paříž
100%
Rome/Roma/Řím
100%
Sydney
100%
London/Londýn
96%
Moscow/Moskva
96%
Dubai/Dubaj
92%
Cairo/Káhira
88%
Pisa/Piza
88%
Athens/Atény
83%
Barcelona
83%
Kuala Lumpur
79%
Agra
71%
Istanbul
71%
Budapest/Budapešť
54%
New Delhi/Delhi/Dilí/Nové Dilí
33%
No matching quizzes found
Score Distribution
Percent of People with Each Score
Percentile by Number Answered
Your Score History
You have not taken this quiz